00331nam a2200145Ia 4500100001600000650002400016250000600040366000700046654002400053245003700077260002900114082002100143300000900164546001200173 aRajput/R.K  aThermal engineering a7 f10 athermal engineering aThermal Engineering in S.I units bLaxmi publicationsc2009 a621.402/RAJbRAJ a1679 aENGLISH